Ants and tropical flowers (Registro nro. 13706)

Detalles MARC
000 -CABECERA
Campo de control 002650000a22001090004500
090 ## - CLASIFICACIÓN LOCAL
Colección AR
Consecutivo 04606
041 0# - IDIOMA
Código de idioma para texto/pista de sonido o título separado
100 1# - ASIENTO PRINCIPAL--NOMBRE PERSONAL
Nombre personal Rico Gray, Victor
245 10 - MENCION DE TITULO
Título Ants and tropical flowers
773 1# - Item fuente:
Título Biotropica
Descripción física 3
Paginas del Articulo 223-224 p.
Lugar, editorial y fecha de publicación 1980
Información sobre la relación 12
942 ## - ELEMENTOS ADICIONALES (KOHA)
Tipo de ítem Artículo
Existencias
Withdrawn status Lost status Damaged status No para préstamo Colección Ubicación Permanente Ubicación actual Fecha de adquisición Fuente de Valor Datos de publicación Seriada Total Checkouts Número topográfico Inventario / Código de Barras Date last seen Ejemplar Price effective from Forma de adquisición Tipo de material
      No para Préstamo Hemeroteca Bogotá Bogotá 12/03/2010 Escobar Sarria, Federico Fuera de circulación   AR 04606 027959 25/03/2015 1 25/03/2015   Artículo